[Event "ICS rated blitz match"]
[Site "204.178.125.65"]
[Date "1999.12.13"]
[Round "?"]
[White "star"]
[Black "Hossa"]
[Result "1-0"]
[WhiteElo "2484"]
[BlackElo "2477"]
[PlyCount "117"]

1. e4 c5 2. c3 Nf6 3. e5 Nd5 4. d4 cxd4 5. cxd4 e6 6. Nf3 d6 7. Bd3 dxe5 8.
dxe5 Nc6 9. O-O Qc7 10. Re1 Be7 11. Nc3 Nxc3 12. bxc3 O-O 13. Qc2 h6 14. Bf4
Rd8 15. Rab1 Rd7 16. Qe2 Qa5 17. Qe4 Kf8 18. Qh7 Bc5 19. Qh8+ Ke7 20. Be2 Qa4
21. Bg3 g6 22. Rb2 Ba3 23. Bb5 Qg4 24. Qxh6 Qh5 25. Qxh5 gxh5 26. Rb3 Bc5 27.
Ng5 Ke8 28. Ne4 Be7 29. Nd6+ Kf8 30. Bf4 Kg8 31. c4 h4 32. c5 Rd8 33. Ba4 Na5
34. Rb5 Nc6 35. Re4 Rd7 36. Be3 Bd8 37. Rb1 Kg7 38. Rd1 Rb8 39. h3 a6 40. Rg4+
Kh7 41. Nxf7 Rxf7 42. Bxc6 bxc6 43. Rxd8 Rd7 44. Rxh4+ Kg7 45. Rg4+ Kh7 46. Rf8
Rc7 47. Rh4+ Kg7 48. Rhh8 Kg6 49. h4 Rf7 50. h5+ Kf5 51. Rxf7+ Ke4 52. Rd8 Rb1+
53. Kh2 Rb4 54. Bh6 Kxe5 55. Kg3 Bd7 56. Rdxd7 Rb3+ 57. axb3 a5 58. Bf4+ Ke4
59. f3# 1-0

[Event "ICS rated blitz match"]
[Site "204.178.125.65"]
[Date "1999.12.13"]
[Round "?"]
[White "Hossa"]
[Black "star"]
[Result "0-1"]
[WhiteElo "2461"]
[BlackElo "2500"]
[PlyCount "176"]

1. e4 c5 2. Nf3 d6 3. d4 cxd4 4. Nxd4 Nf6 5. Nc3 a6 6. Bc4 b5 7. Bb3 e5 8. Nf3
Be7 9. Be3 Bb7 10. Qd3 Ng4 11. Rd1 Nxe3 12. Qxe3 Nd7 13. Bd5 Rb8 14. Bxb7 Rxb7
15. O-O Rc7 16. Rd2 Qc8 17. Nd5 Rxc2 18. Rxc2 Qxc2 19. Qa7 Qc6 20. Nc7+ Kd8 21.
Nxa6 g6 22. Re1 Kc8 23. a4 bxa4 24. Nb4 Qb7 25. Qxa4 Nc5 26. Qa5 Bd8 27. Qa3
Nxe4 28. Qa4 Nc5 29. Rc1 Bc7 30. Qa3 f6 31. Rd1 Rf8 32. Nd5 Qb3 33. Qa1 Kd7 34.
Nxc7 Kxc7 35. Qa7+ Kc6 36. Qa1 Rb8 37. Rd2 d5 38. h3 Kd6 39. Qa7 Qb7 40. Qa2 d4
41. Rc2 d3 42. Rd2 e4 43. Nh2 Nb3 44. Nf1 Ra8 45. Qb1 Ra1 46. Qc2 Nxd2 47. Qxd2
Rb1 48. Qa5 Rxb2 49. Qd8+ Ke6 50. Qe8+ Kf5 51. Qd8 Rb1 52. g4+ Ke5 53. Qa5+ Ke6
54. Qa2+ Ke7 55. Qg8 Rxf1+ 56. Kxf1 Qb1+ 57. Kg2 d2 58. Qg7+ Ke6 59. Qg8+ Ke5
60. Qe8+ Kf4 61. Qd8 Qb2 62. Qd6+ Kg5 63. Qd5+ Kh6 64. h4 Qb4 65. g5+ fxg5 66.
Qxg5+ Kg7 67. Qe5+ Kf7 68. Qc7+ Ke6 69. Qd8 Qd6 70. Qc8+ Kf6 71. Qc3+ Ke7 72.
Qg7+ Ke6 73. Qxh7 d1=Q 74. Qxg6+ Kd7 75. Qxe4 Q6d5 76. Qxd5+ Qxd5+ 77. Kh2 Qf3
78. Kg1 Qg4+ 79. Kf1 Qxh4 80. Kg2 Qg4+ 81. Kf1 Qf3 82. Kg1 Kd6 83. Kf1 Ke5 84.
Kg1 Qh3 85. f3 Kf4 86. Kf2 Qh2+ 87. Ke1 Ke3 88. f4 Qg1# 0-1

[Event "ICS rated blitz match"]
[Site "204.178.125.65"]
[Date "1999.12.14"]
[Round "?"]
[White "Hossa"]
[Black "robbok1"]
[Result "0-1"]
[WhiteElo "2447"]
[BlackElo "2434"]
[PlyCount "98"]

1. e4 c5 2. Nf3 Nc6 3. d4 cxd4 4. Nxd4 e5 5. Nb5 d6 6. c4 Be7 7. N1c3 a6 8. Na3
Be6 9. Be2 Bg5 10. Bxg5 Qxg5 11. O-O Rd8 12. Nc2 Nf6 13. Qd3 Nh5 14. Bxh5 Qxh5
15. Ne3 O-O 16. Ned5 f5 17. f3 fxe4 18. fxe4 Nd4 19. Rad1 Bg4 20. Rd2 Qh4 21.
Rdf2 Rxf2 22. Rxf2 Rc8 23. Qf1 Bh5 24. a4 Bg6 25. b4 h6 26. a5 Kh7 27. Qd3 Qg5
28. Rf1 Qh4 29. Kh1 Kh8 30. Nb6 Re8 31. Kg1 Kg8 32. Nbd5 Rc8 33. g3 Qg5 34. Ne2
Re8 35. Nxd4 exd4 36. Qxd4 Rxe4 37. Qb6 Qe5 38. Qxb7 Qd4+ 39. Kg2 Re2+ 40. Kh3
Qxc4 41. Rf4 Qc2 42. Kg4 Bh5+ 43. Kxh5 Re5+ 44. Kg4 Qe2+ 45. Rf3 Rg5+ 46. Kh3
Rh5+ 47. Kg4 Qe6+ 48. Kxh5 Qh3+ 49. Kg6 Qg4# 0-1

[Event "ICS rated blitz match"]
[Site "204.178.125.65"]
[Date "1999.12.14"]
[Round "?"]
[White "robbok1"]
[Black "Hossa"]
[Result "0-1"]
[WhiteElo "2455"]
[BlackElo "2430"]
[PlyCount "112"]

1. e4 c5 2. Nf3 Nc6 3. Bb5 e6 4. O-O a6 5. Bxc6 bxc6 6. d3 d5 7. Nc3 Bd6 8. e5
Be7 9. Qe2 Rb8 10. a4 a5 11. b3 Ba6 12. Re1 g5 13. Ba3 Nh6 14. Nd2 Nf5 15. Qh5
O-O 16. Nf3 Bc8 17. h4 Ng7 18. Qg4 h5 19. Qg3 g4 20. Nd2 Nf5 21. Qh2 Re8 22.
Ne2 Bf8 23. Nf4 Bh6 24. Bxc5 Bxf4 25. Qxf4 Qxh4 26. Nf1 Bd7 27. Ng3 Ra8 28.
Nxf5 exf5 29. g3 Qh3 30. Qg5+ Kh7 31. Be3 Re6 32. Qxf5+ Kg8 33. Qg5+ Rg6 34.
Qe7 Be6 35. Qh4 Qxh4 36. gxh4 Bf5 37. Kh2 Re6 38. Bc5 Rae8 39. Bb6 Rxe5 40.
Rxe5 Rxe5 41. Bxa5 Re2 42. Be1 Rxc2 43. d4 Rb2 44. b4 Rb3 45. Rd1 Rh3+ 46. Kg1
Be4 47. f3 Bxf3 48. Rd3 Rh1+ 49. Kf2 Rxh4 50. a5 Rh2+ 51. Kg1 Rh1+ 52. Kf2 h4
53. Rc3 h3 54. Rxc6 Rxe1 55. Kxe1 g3 56. Rh6 h2 0-1

[Event "ICS rated blitz match"]
[Site "204.178.125.65"]
[Date "1999.12.14"]
[Round "?"]
[White "Hossa"]
[Black "robbok1"]
[Result "1/2-1/2"]
[WhiteElo "2447"]
[BlackElo "2438"]
[PlyCount "113"]

1. e4 c5 2. c3 Nf6 3. e5 Nd5 4. d4 cxd4 5. cxd4 Nc6 6. Nf3 d6 7. Be2 dxe5 8.
dxe5 g6 9. Nc3 Be6 10. Ne4 Bg7 11. O-O O-O 12. Nc5 Nxe5 13. Nxe5 Bxe5 14. Bh6
Bxb2 15. Rb1 Bg7 16. Bxg7 Kxg7 17. Rxb7 Bc8 18. Qd4+ Nf6 19. Qxd8 Rxd8 20. Rxe7
Nd5 21. Rd1 Bg4 22. Re5 Bxe2 23. Rdxd5 Bc4 24. Rxd8 Rxd8 25. h4 Rd1+ 26. Kh2
Rd2 27. a4 Rxf2 28. Re7 Bd5 29. Rxa7 Rxg2+ 30. Kh3 Ra2 31. Kg3 Kf6 32. a5 Ra3+
33. Kf2 Ke5 34. Nd7+ Kd6 35. Ke1 Re3+ 36. Kd2 Re7 37. Nb6 Rxa7 38. Nc8+ Kc5 39.
Nxa7 Bb7 40. Kd3 Kb4 41. Kd4 Kxa5 42. Kc5 f5 43. Nb5 f4 44. Nc3 h6 45. Nd1 g5
46. hxg5 hxg5 47. Nf2 Bc8 48. Kd4 Kb5 49. Ne4 g4 50. Ke5 f3 51. Kf4 Kb4 52. Kg3
Bd7 53. Nd2 f2 54. Kxf2 Bf5 55. Nf3 Kc5 56. Ne5 g3+ 57. Kxg3 1/2-1/2

[Event "ICS rated standard match"]
[Site "204.178.125.65"]
[Date "1999.12.14"]
[Round "?"]
[White "star"]
[Black "Hossa"]
[Result "1-0"]
[WhiteElo "2382"]
[BlackElo "2241"]
[PlyCount "65"]

1. e4 c5 2. Nf3 Nc6 3. c3 d5 4. exd5 Qxd5 5. d4 Bf5 6. Be2 cxd4 7. cxd4 Bxb1 8.
Rxb1 Qxa2 9. Bf4 Rd8 10. O-O Nf6 11. Bb5 Nd5 12. Ra1 Qxb2 13. Qa4 Rc8 14. Rab1
Qc3 15. Qxa7 Nxf4 16. Qxb7 Kd8 17. Ne5 Ne2+ 18. Bxe2 Rc7 19. Qa8+ Rc8 20. Nxf7+
Ke8 21. Qxc8+ Kxf7 22. Qf5+ Ke8 23. Ra1 Kd8 24. Ra8+ Kc7 25. Rc8+ Kd6 26. Bg4
Nxd4 27. Rd8+ Kc7 28. Qd7+ Kb6 29. Rb1+ Qb3 30. Qxd4+ Ka6 31. Ra8+ Kb7 32. Bf3+
Kc7 33. Qd8# 1-0

[Event "ICS rated standard match"]
[Site "204.178.125.65"]
[Date "1999.12.14"]
[Round "?"]
[White "Hossa"]
[Black "star"]
[Result "0-1"]
[WhiteElo "2231"]
[BlackElo "2392"]
[PlyCount "160"]

1. e4 c6 2. d4 d5 3. Nc3 dxe4 4. Nxe4 Bf5 5. Ng3 Bg6 6. h4 h6 7. Nf3 Nd7 8. h5
Bh7 9. Bd3 Bxd3 10. Qxd3 Qc7 11. Be3 e6 12. O-O-O Ngf6 13. Rde1 Bd6 14. Ne4
Nxe4 15. Qxe4 Nf6 16. Qh4 O-O-O 17. Kb1 Kb8 18. Bd2 Rc8 19. Re2 Rcd8 20. Rhe1
Ka8 21. Bc1 c5 22. Be3 c4 23. Bd2 Nd5 24. c3 Rc8 25. Qg4 Qe7 26. Be3 Qf6 27.
Qe4 Rhd8 28. Qh7 Bf4 29. Rh1 Kb8 30. Ree1 Bc7 31. Nd2 Rh8 32. Qe4 Bd6 33. Qg4
Qe7 34. g3 Qd7 35. Re2 f5 36. Qf3 Rhd8 37. Rhe1 Rc6 38. Nf1 Ra6 39. Bf4 Qa4 40.
Bxd6+ Rdxd6 41. a3 Qb3 42. Nd2 Qb5 43. Ka1 Rdb6 44. Nb1 Qb3 45. Rc1 Rd6 46. Qh1
Rab6 47. Rec2 Rd8 48. Nd2 Qb5 49. Qf1 Rc8 50. Qe2 Nf6 51. Re1 Rc7 52. f4 Rc8
53. Rg1 Qa4 54. Kb1 Rc7 55. Rh1 Nd5 56. Kc1 Qc6 57. Nf3 Qb5 58. Kb1 Qa4 59. Ka1
Rxb2 60. Kxb2 Qb3+ 61. Ka1 Nxc3 62. Rxc3 Qxc3+ 63. Qb2 Qxf3 64. Re1 c3 65. Qb3
Qxg3 66. Rxe6 Qg1+ 67. Qb1 Qxd4 68. Re8+ Rc8 69. Rxc8+ Kxc8 70. Qxf5+ Kc7 71.
Qe5+ Qxe5 72. fxe5 b5 73. Ka2 a5 74. Kb3 a4+ 75. Kxc3 Kd7 76. Kb4 Ke6 77. Kc3
Kxe5 78. Kb4 g5 79. Kc3 g4 80. Kd3 Kf4 0-1

[Event "ICS rated blitz match"]
[Site "204.178.125.65"]
[Date "1999.12.14"]
[Round "?"]
[White "MissSilicon"]
[Black "Hossa"]
[Result "1-0"]
[WhiteElo "2688"]
[BlackElo "2447"]
[PlyCount "153"]

1. e4 c5 2. Nf3 e6 3. d4 cxd4 4. Nxd4 Nf6 5. Nc3 d6 6. g3 a6 7. Bg2 Qc7 8. Bg5
Be7 9. O-O Nc6 10. Nxc6 bxc6 11. Bh3 O-O 12. Qc1 d5 13. Bg2 Rb8 14. Rd1 h6 15.
Bd2 Bb4 16. exd5 cxd5 17. Re1 Bd6 18. Be3 Be5 19. Bd2 Bd4 20. Rb1 Ng4 21. Nd1
Qc5 22. Ne3 e5 23. Bf3 h5 24. b4 Qb5 25. c3 Bxe3 26. Bxe3 Bf5 27. Rb3 Rfe8 28.
Bc5 Qd7 29. Ra3 Re6 30. Be2 Qb7 31. Qg5 g6 32. Rd1 Bc2 33. Rd2 Bf5 34. c4 f6
35. Qh4 d4 36. h3 Nh6 37. Bf3 Qf7 38. Bd5 g5 39. Bxe6 Bxe6 40. Qe4 Bxc4 41. Rc2
Be6 42. Rc1 Bf5 43. Qf3 Bc8 44. Bd6 Bb7 45. Qd3 Rc8 46. Rxc8+ Bxc8 47. f4 exf4
48. gxf4 Nf5 49. Bc5 gxf4 50. Bxd4 Qg6+ 51. Kf1 Bb7 52. Bf2 Qg2+ 53. Ke1 Ne7
54. Ra5 Qh1+ 55. Kd2 Qg2 56. Qe2 Nd5 57. h4 Kg7 58. Kc1 f3 59. Qe1 Nf4 60. Kb1
Qg6+ 61. Ka1 Qd3 62. Rc5 Be4 63. Qg1+ Ng2 64. Bd4 Kf7 65. Rc7+ Ke6 66. Rc8 Qe2
67. Rf8 f5 68. Rf6+ Ke7 69. Bc5+ Kxf6 70. Qd4+ Kg6 71. Qd6+ Kh7 72. Qe7+ Kg6
73. Qe8+ Kg7 74. Bd4+ Kh6 75. Qe6+ Kh7 76. Qf7+ Kh6 77. Qg7# 1-0

[Event "ICS rated blitz match"]
[Site "204.178.125.65"]
[Date "1999.12.14"]
[Round "?"]
[White "Hossa"]
[Black "MissSilicon"]
[Result "0-1"]
[WhiteElo "2441"]
[BlackElo "2694"]
[PlyCount "150"]

1. d4 Nf6 2. c4 e5 3. dxe5 Ng4 4. Nf3 Bc5 5. e3 Nc6 6. Be2 Ngxe5 7. Nxe5 Nxe5
8. O-O O-O 9. a3 d6 10. b4 Bb6 11. Bb2 Qf6 12. Nc3 Qg5 13. Qd5 c6 14. Qe4 Bf5
15. h4 Qg6 16. Qf4 Bh3 17. Qg5 Qxg5 18. hxg5 Be6 19. c5 dxc5 20. bxc5 Bxc5 21.
Ne4 Nd7 22. Rfd1 Bb6 23. Nd6 Nc5 24. Rac1 Rad8 25. Bf3 Rd7 26. Be5 Rfd8 27. Bh5
Bb3 28. Rd2 Bd5 29. e4 Rxd6 30. exd5 Rxd5 31. Rxd5 Rxd5 32. Bb8 Ne4 33. Rc2 Ra5
34. Re2 Bxf2+ 35. Kf1 f5 36. Rxf2 Nxf2 37. Kxf2 Rxa3 38. Be2 Kf7 39. g4 fxg4
40. Bxg4 Kg6 41. Bf4 c5 42. Bd1 Ra2+ 43. Kg3 b6 44. Bf3 Ra4 45. Bc6 Rd4 46. Be3
Rb4 47. Bd2 Rc4 48. Kf3 Kh5 49. Be3 Rc3 50. Be4 h6 51. gxh6 gxh6 52. Ke2 a5 53.
Bf3+ Kg6 54. Be4+ Kg7 55. Bf4 Rc4 56. Be5+ Kf8 57. Bd6+ Ke8 58. Bf3 a4 59. Ke3
a3 60. Bc6+ Kd8 61. Be5 Rd4 62. Bd5 Rxd5 63. Bc3 a2 64. Ke2 c4 65. Bh8 Rh5 66.
Bd4 Rh2+ 67. Kd1 Kd7 68. Ba1 Rh1+ 69. Kc2 Rxa1 70. Kd2 Rf1 71. Kc3 a1=Q+ 72.
Kxc4 Rf3 73. Kd5 Re3 74. Kc4 Qa4+ 75. Kd5 Qe4# 0-1

[Event "ICS rated blitz match"]
[Site "204.178.125.65"]
[Date "1999.12.14"]
[Round "?"]
[White "PostModernist"]
[Black "Hossa"]
[Result "0-1"]
[WhiteElo "2637"]
[BlackElo "2435"]
[PlyCount "112"]

1. e4 c6 2. d4 d5 3. Nc3 dxe4 4. Nxe4 Bf5 5. Ng3 Bg6 6. Nf3 Nd7 7. h4 h6 8. h5
Bh7 9. Bd3 Qa5+ 10. Bd2 Qb6 11. Bxh7 Rxh7 12. Bc3 O-O-O 13. Qd2 Qb5 14. O-O-O
e6 15. Ba5 b6 16. Bc3 Ngf6 17. a3 Qd5 18. Qe2 Qa2 19. Ne4 Nd5 20. Kd2 Nf4 21.
Qf1 Qd5 22. Ng3 Nf6 23. Kc1 N4xh5 24. Nxh5 Nxh5 25. Qa6+ Kb8 26. Ne5 g6 27. Qa4
Kb7 28. g3 f6 29. Nd3 Qa2 30. g4 Ng7 31. Nf4 e5 32. d5 cxd5 33. Nxg6 Bc5 34.
Rh3 Bxf2 35. Ne7 d4 36. b3 Rd6 37. Bb2 Rh8 38. Rd2 Be1 39. Rdd3 Ne6 40. Nf5 Rd5
41. Qc4 Nf4 42. Ne7 Rc5 43. Qf7 Rc7 44. g5 hxg5 45. Qd5+ Nxd5 46. Nxd5 e4 47.
Nxc7 exd3 48. Rxd3 Bc3 49. Rxc3 dxc3 50. Bxc3 Rh2 51. Bb2 Kxc7 52. a4 a5 53. b4
Qxa4 54. Be5+ fxe5 55. Kb1 Qxc2+ 56. Ka1 Qb2# 0-1

[Event "ICS rated blitz match"]
[Site "204.178.125.65"]
[Date "1999.12.14"]
[Round "?"]
[White "smash"]
[Black "Hossa"]
[Result "1/2-1/2"]
[WhiteElo "2265"]
[BlackElo "2459"]
[PlyCount "88"]

1. d4 Nf6 2. c4 e6 3. Nc3 Bb4 4. Bg5 c5 5. d5 e5 6. e3 Qa5 7. Nge2 Ne4 8. f4
exf4 9. Qd3 Nxg5 10. exf4 Ne6 11. dxe6 fxe6 12. g3 O-O 13. Bg2 Nc6 14. O-O Bxc3
15. Nxc3 Nd4 16. Ne4 Qb6 17. Rad1 a5 18. Ng5 g6 19. Rd2 d6 20. h4 Qc7 21. Re1
Qe7 22. Nf3 Nf5 23. Ng5 Qf6 24. Ne4 Qd4+ 25. Qxd4 cxd4 26. Bh3 Ra6 27. Bxf5
gxf5 28. Ng5 Rb6 29. Nf3 Kf7 30. Nxd4 Rg8 31. Kf2 h5 32. Red1 Kf6 33. Nb5 d5
34. b3 dxc4 35. bxc4 Rc6 36. Nd6 a4 37. Kf3 Rc7 38. a3 Rcg7 39. Rg1 Bd7 40. c5
Bc6+ 41. Kf2 Bd5 42. Rb2 Bb3 43. Rd2 Bd5 44. Rb2 Bb3 1/2-1/2

[Event "ICS rated blitz match"]
[Site "204.178.125.65"]
[Date "1999.12.14"]
[Round "?"]
[White "Hossa"]
[Black "RebelTiger"]
[Result "0-1"]
[WhiteElo "2451"]
[BlackElo "2266"]
[PlyCount "120"]

1. d4 d5 2. c4 e6 3. Nc3 Nf6 4. Bg5 Be7 5. Nf3 O-O 6. e3 Nbd7 7. Qc2 h6 8. Bh4
c5 9. O-O-O cxd4 10. Nxd4 Nb6 11. cxd5 Nfxd5 12. Bxe7 Qxe7 13. Bd3 Nxc3 14.
Qxc3 e5 15. Nc2 Bg4 16. f3 Rfc8 17. Qd2 Be6 18. Kb1 Rc6 19. Nb4 Nc4 20. Bxc4
Rxc4 21. Nd3 e4 22. b3 Rc7 23. fxe4 Bg4 24. Rc1 Rxc1+ 25. Rxc1 Qxe4 26. Rc4 Qg6
27. Rd4 Re8 28. Ka1 Bf5 29. Nb2 b5 30. Rd8 Rxd8 31. Qxd8+ Kh7 32. Qd2 Qc6 33.
Nd1 b4 34. h3 Qe4 35. Qb2 a5 36. g4 Bg6 37. Qc1 Qh1 38. e4 Bxe4 39. a3 bxa3 40.
Ka2 f5 41. Qd2 Qxh3 42. Nf2 Qf3 43. gxf5 Bd5 44. Nd3 a4 45. Kxa3 axb3 46. Nc5
Qxf5 47. Nxb3 Qf3 48. Qxd5 Qxd5 49. Na1 g5 50. Kb4 Qd4+ 51. Kb5 Qxa1 52. Kc4
Qf1+ 53. Kd4 g4 54. Ke3 g3 55. Kd4 g2 56. Kd5 g1=Q 57. Kc6 Qc4+ 58. Kd6 Qgd4+
59. Ke7 Qe5+ 60. Kd8 Qcc7# 0-1

[Event "ICS rated blitz match"]
[Site "204.178.125.65"]
[Date "1999.12.14"]
[Round "?"]
[White "JohnnyReb"]
[Black "Hossa"]
[Result "1-0"]
[WhiteElo "2557"]
[BlackElo "2449"]
[PlyCount "133"]

1. e4 c6 2. d4 d5 3. exd5 cxd5 4. c4 Nf6 5. Nc3 e6 6. Nf3 Bb4 7. Bd3 dxc4 8.
Bxc4 O-O 9. O-O Nbd7 10. Bf4 Nb6 11. Bd3 Nbd5 12. Bd2 Bd6 13. Nxd5 exd5 14. Ne5
Qb6 15. Bc3 Re8 16. Qa4 Bxe5 17. dxe5 Nd7 18. Qh4 h6 19. Rae1 Nc5 20. Bd4 Qb4
21. Rd1 Nxd3 22. Rxd3 Bf5 23. Rg3 Re6 24. Qf4 Be4 25. Qe3 Rc8 26. f3 Bf5 27.
Rf2 Qc4 28. Bxa7 Qc1+ 29. Qxc1 Rxc1+ 30. Rf1 Rxf1+ 31. Kxf1 Bd3+ 32. Ke1 Rxe5+
33. Kd2 Bc4 34. Bd4 Re2+ 35. Kc3 g6 36. b3 Ba6 37. a4 Ra2 38. Rh3 h5 39. g4 Bf1
40. Rh4 Be2 41. gxh5 Bxf3 42. hxg6 fxg6 43. Rh8+ Kf7 44. Rh7+ Ke8 45. h4 Rh2
46. Rxb7 Rxh4 47. b4 Rf4 48. Rg7 Bh5 49. b5 Rf3+ 50. Kb4 Rf4 51. Kc5 Rf7 52.
Rg8+ Kd7 53. b6 Ke6 54. a5 Re7 55. a6 Kf7 56. Rg7+ Ke6 57. Rxe7+ Kxe7 58. a7
Be2 59. b7 Ke6 60. b8=Q Kf5 61. Qe5+ Kg4 62. Qxe2+ Kg5 63. Kxd5 Kf4 64. Be5+
Kg5 65. a8=Q Kh4 66. Qd8+ g5 67. Qh8# 1-0

[Event "ICS rated bullet match"]
[Site "204.178.125.65"]
[Date "1999.12.14"]
[Round "?"]
[White "Hossa"]
[Black "evbad"]
[Result "1-0"]
[WhiteElo "2463"]
[BlackElo "2351"]
[PlyCount "51"]

1. e4 Nc6 2. Nf3 d6 3. Bb5 Nf6 4. Nc3 a6 5. Bxc6+ bxc6 6. d4 Bg4 7. h3 Bh5 8.
Bg5 h6 9. Bxf6 exf6 10. O-O Be7 11. Qd3 O-O 12. Nh4 Bg6 13. Nxg6 fxg6 14. Qc4+
Kh7 15. Qxc6 f5 16. e5 f4 17. Nd5 f3 18. Qxc7 fxg2 19. Kxg2 dxe5 20. Qxd8 Bxd8
21. dxe5 g5 22. Rad1 Re8 23. Rfe1 a5 24. e6 Ra6 25. e7 Bxe7 26. Nc7 1-0

[Event "ICS rated bullet match"]
[Site "204.178.125.65"]
[Date "1999.12.14"]
[Round "?"]
[White "evbad"]
[Black "Hossa"]
[Result "0-1"]
[WhiteElo "2340"]
[BlackElo "2474"]
[PlyCount "56"]

1. e4 d5 2. exd5 Qxd5 3. Nc3 Qa5 4. g3 Nc6 5. Bg2 Bd7 6. Nge2 O-O-O 7. O-O h5
8. h4 g5 9. hxg5 h4 10. gxh4 Rxh4 11. d4 Bg7 12. Bf4 Nxd4 13. Bg3 Bg4 14. Bxh4
Nxe2+ 15. Qxe2 Bxe2 16. Nxe2 Qb4 17. Bg3 Qg4 18. Rfe1 Qxg5 19. Rad1 Re8 20. Nf4
e5 21. Nd5 Qg4 22. Ne3 Qh5 23. Rd5 c6 24. Rd6 Ne7 25. Red1 f5 26. Bh2 f4 27.
Nc4 Rh8 28. Re6 Qxd1+ 0-1

[Event "ICS rated bullet match"]
[Site "204.178.125.65"]
[Date "1999.12.14"]
[Round "?"]
[White "evbad"]
[Black "Hossa"]
[Result "0-1"]
[WhiteElo "2321"]
[BlackElo "2493"]
[PlyCount "114"]

1. d4 Nf6 2. Nc3 d5 3. Bg5 Nbd7 4. Nf3 e6 5. e4 Be7 6. Bxf6 Nxf6 7. Bd3 O-O 8.
e5 Nd7 9. h4 c5 10. Bxh7+ Kxh7 11. Ng5+ Kh6 12. Qd3 g6 13. h5 Bxg5 14. hxg6+
Bh4 15. g3 fxg6 16. Rxh4+ Kg7 17. O-O-O cxd4 18. Rdh1 Qxh4 19. gxh4 dxc3 20.
Qxc3 Rxf2 21. h5 g5 22. h6+ Kh7 23. Qc7 Rf5 24. b3 g4 25. Kb2 a5 26. a4 g3 27.
Rg1 Rg5 28. Qd8 Rg8 29. Qh4 d4 30. Rxg3 Rxg3 31. Qxg3 Kxh6 32. Qf4+ Kh5 33.
Qxd4 Kg5 34. Qd6 Kf5 35. Qd3+ Kxe5 36. Qg3+ Kd5 37. Qd3+ Kc6 38. Qe4+ Kd6 39.
Qd4+ Ke7 40. Qg7+ Kd8 41. Qg8+ Kc7 42. Qxe6 b6 43. Qd5 Bb7 44. Qc4+ Bc6 45.
Qf4+ Kb7 46. Qf7 Rf8 47. Qc4 Rf2 48. Qd4 Rg2 49. Kc1 Nc5 50. Kb2 Be4 51. Qg7+
Rxg7 52. b4 axb4 53. a5 bxa5 54. c3 Rg2+ 55. Kc1 bxc3 56. Kd1 c2+ 57. Ke1 c1=Q#
0-1

[Event "ICS rated bullet match"]
[Site "204.178.125.65"]
[Date "1999.12.14"]
[Round "?"]
[White "Hossa"]
[Black "evbad"]
[Result "1-0"]
[WhiteElo "2502"]
[BlackElo "2312"]
[PlyCount "81"]

1. e4 e5 2. f4 d6 3. Ne2 Nc6 4. Nbc3 Nf6 5. d4 exd4 6. Nxd4 Be7 7. Nxc6 bxc6 8.
Bc4 O-O 9. O-O Nxe4 10. Nxe4 d5 11. Bd3 dxe4 12. Bxe4 Bc5+ 13. Kh1 Qxd1 14.
Rxd1 Bg4 15. Rf1 Bd7 16. Bd2 Rfe8 17. Rae1 Bd6 18. Bf3 Rxe1 19. Rxe1 Re8 20.
Rxe8+ Bxe8 21. Be3 c5 22. g4 Bb5 23. Kg2 Kf8 24. h4 Ke7 25. Kg3 g6 26. b3 c4
27. Bxa7 cxb3 28. cxb3 c5 29. a4 Ba6 30. a5 c4 31. bxc4 Bxc4 32. Bb7 Kd7 33.
Bd4 Kc7 34. a6 Kb8 35. g5 Bf8 36. Kf3 h5 37. Be5+ Ka7 38. Bd4+ Kb8 39. Ke4 Bd6
40. Bb6 Be6 41. Bc6 1-0

[Event "ICS rated bullet match"]
[Site "204.178.125.65"]
[Date "1999.12.14"]
[Round "?"]
[White "evbad"]
[Black "Hossa"]
[Result "1/2-1/2"]
[WhiteElo "2304"]
[BlackElo "2510"]
[PlyCount "104"]

1. e4 d5 2. exd5 Qxd5 3. Nc3 Qa5 4. d4 Nf6 5. Nf3 Bf5 6. Bc4 c6 7. Bd2 Qb6 8.
Bb3 Nbd7 9. Qe2 O-O-O 10. O-O e6 11. h3 c5 12. Be3 Bd6 13. dxc5 Bxc5 14. Na4
Qc7 15. Nxc5 Nxc5 16. Nd4 Rhe8 17. Nxf5 exf5 18. Qb5 Nfe4 19. Bxf7 Qxf7 20.
Bxc5 Qd5 21. b4 Nc3 22. Qa5 a6 23. Qb6 Ne2+ 24. Kh1 f4 25. Rad1 Qxd1 26. Rxd1
Rxd1+ 27. Kh2 Rc1 28. b5 axb5 29. Qxb5 Re5 30. Qc4 Kd7 31. Qf7+ Kc6 32. Bb4
Rxc2 33. Qxg7 Re6 34. Qg4 Re8 35. Qf3+ Kb6 36. a3 h6 37. h4 Ka7 38. Qh5 Re6 39.
Qa5+ Kb8 40. Qd8+ Ka7 41. Qa5+ Kb8 42. Qd8+ Ka7 43. Qd3 Rc7 44. Qf3 Rc2 45. Qd5
Rec6 46. Qa5+ Kb8 47. Qd8+ Ka7 48. Qa5+ Kb8 49. Qd8+ Ka7 50. Qa5+ Kb8 51. Qd8+
Ka7 52. Qa5+ Kb8 1/2-1/2

[Event "ICS rated bullet match"]
[Site "204.178.125.65"]
[Date "1999.12.14"]
[Round "?"]
[White "evbad"]
[Black "Hossa"]
[Result "0-1"]
[WhiteElo "2314"]
[BlackElo "2501"]
[PlyCount "36"]

1. e4 d5 2. exd5 Qxd5 3. Nc3 Qa5 4. Nf3 Nf6 5. Be2 e5 6. O-O Bb4 7. d3 Bxc3 8.
bxc3 Qxc3 9. Bg5 Nc6 10. Rb1 Qa3 11. Bxf6 gxf6 12. Nd2 Qxa2 13. Nc4 Nd4 14. Bf3
Qxc2 15. Qxc2 Nxc2 16. Bxb7 Bxb7 17. Rxb7 Kd7 18. Rc1 Rhb8 0-1

[Event "ICS rated bullet match"]
[Site "204.178.125.65"]
[Date "1999.12.14"]
[Round "?"]
[White "Hossa"]
[Black "leskovar"]
[Result "0-1"]
[WhiteElo "2509"]
[BlackElo "2183"]
[PlyCount "48"]

1. e4 e5 2. f4 d5 3. Nf3 exf4 4. exd5 Nf6 5. c4 c6 6. dxc6 Nxc6 7. d4 Bb4+ 8.
Bd2 O-O 9. Be2 Bg4 10. d5 Bxf3 11. gxf3 Nxd5 12. cxd5 Qh4+ 13. Kf1 Bc5 14. Kg2
Nd4 15. Re1 Rad8 16. Nc3 Rd6 17. b4 Rg6+ 18. Kh1 Nf5 19. Bxf4 Qxf4 20. Bb5 Ng3+
21. hxg3 Qxg3 22. Qd2 Bf2 23. Qxf2 Qxf2 24. Be2 Rh6# 0-1

[Event "ICS rated bullet match"]
[Site "204.178.125.65"]
[Date "1999.12.14"]
[Round "?"]
[White "evbad"]
[Black "Hossa"]
[Result "0-1"]
[WhiteElo "2321"]
[BlackElo "2481"]
[PlyCount "102"]

1. e4 e5 2. Nf3 d6 3. d4 Nd7 4. Bc4 c6 5. dxe5 dxe5 6. Ng5 Nh6 7. O-O Be7 8.
Ne6 fxe6 9. Bxh6 Nb6 10. Qh5+ g6 11. Qe2 Qd4 12. Nd2 Qxb2 13. Bb3 Bf8 14. Be3
Ba3 15. Rad1 Qc3 16. Nb1 Qa5 17. Nxa3 Qxa3 18. Bg5 Bd7 19. Bf6 O-O 20. Bxe5 Rf7
21. Ba1 Qe7 22. Qe3 Qb4 23. a3 Qa5 24. Qc3 Qxc3 25. Bxc3 Kf8 26. Bb4+ Ke8 27.
Rd6 a5 28. Bc3 Nc8 29. Rd4 b5 30. Rfd1 c5 31. R4d2 b4 32. Bb2 a4 33. Bc4 Nb6
34. Ba2 g5 35. f3 h5 36. h3 Ra7 37. Rd6 Nc8 38. R6d2 Rb7 39. Rd6 Nxd6 40. Rxd6
b3 41. cxb3 axb3 42. Bb1 c4 43. Kf2 Rc7 44. Bc3 h4 45. Ke3 Rc8 46. Rb6 Bc6 47.
Bb4 Rd7 48. Bc3 Rd1 49. e5 Rxb1 50. Rb7 Bxb7 51. Kf2 Rc1 0-1

[Event "ICS rated bullet match"]
[Site "204.178.125.65"]
[Date "1999.12.14"]
[Round "?"]
[White "Hossa"]
[Black "evbad"]
[Result "1-0"]
[WhiteElo "2490"]
[BlackElo "2312"]
[PlyCount "53"]

1. e4 d5 2. exd5 Nf6 3. d4 Bg4 4. Be2 Bxe2 5. Qxe2 Qxd5 6. Nf3 e6 7. Bf4 Bd6 8.
Bxd6 Qxd6 9. Nc3 a6 10. O-O-O Nbd7 11. d5 e5 12. Rhe1 O-O-O 13. Nxe5 Nxe5 14.
Qxe5 Qxe5 15. Rxe5 Rhe8 16. Rde1 Rxe5 17. Rxe5 Kd7 18. f4 Re8 19. h3 h5 20. Kd2
Kd6 21. Rxe8 Nxe8 22. Ke3 f5 23. Kd4 Nf6 24. a4 h4 25. b4 Nh5 26. Ne2 Nf6 27.
c4 1-0

[Event "ICS rated bullet match"]
[Site "204.178.125.65"]
[Date "1999.12.15"]
[Round "?"]
[White "Hossa"]
[Black "Mofongo"]
[Result "0-1"]
[WhiteElo "2506"]
[BlackElo "2743"]
[PlyCount "108"]

1. e4 c5 2. Nf3 Nc6 3. c3 d5 4. exd5 Qxd5 5. d4 Nf6 6. Be2 cxd4 7. cxd4 e6 8.
Nc3 Qd6 9. O-O Be7 10. Nb5 Qd8 11. Be3 Nd5 12. Rc1 O-O 13. Qc2 Ncb4 14. Qa4 a6
15. Nc3 b5 16. Qb3 Bb7 17. a3 Nxc3 18. Rxc3 Nd5 19. Rc2 Bd6 20. Rfc1 Nf4 21.
Bxf4 Bxf4 22. Re1 Be4 23. Rc3 Bxf3 24. Rxf3 Qxd4 25. Rd3 Qf6 26. g3 Be5 27. Bf3
Rab8 28. Red1 Bxb2 29. Rd7 Rbc8 30. R7d3 Rc4 31. Bb7 Ra4 32. Qa2 b4 33. Qb3
Rxa3 34. Qxb4 a5 35. Qd6 Rxd3 36. Qxd3 a4 37. Be4 a3 38. Bxh7+ Kh8 39. Qd6 a2
40. Qxf8+ Kxh7 41. Qc8 a1=Q 42. Rxa1 Bxa1 43. Kg2 Qf5 44. h4 Qe4+ 45. Kf1 Bd4
46. Qd7 f6 47. Qd6 Kg6 48. Qd8 Kf5 49. Qd7 Kg4 50. h5 Qd3+ 51. Kg1 Qxg3+ 52.
Kh1 Qf3+ 53. Kg1 Qxf2+ 54. Kh1 Qg1# 0-1

[Event "ICS rated bullet match"]
[Site "204.178.125.65"]
[Date "1999.12.15"]
[Round "?"]
[White "leskovar"]
[Black "Hossa"]
[Result "0-1"]
[WhiteElo "2196"]
[BlackElo "2499"]
[PlyCount "72"]

1. e4 e5 2. Nf3 d6 3. d4 Nd7 4. dxe5 dxe5 5. Bc4 c6 6. O-O Bc5 7. Be3 Bxe3 8.
fxe3 f6 9. Nc3 Qb6 10. Qd6 Qxb2 11. Bxg8 Qxc3 12. Bb3 Qxe3+ 13. Kh1 Qxe4 14.
Rae1 Qg4 15. Be6 Qa4 16. Bxd7+ Bxd7 17. Nxe5 O-O-O 18. Nf7 Bg4 19. Nxd8 Rxd8
20. Qg3 h5 21. h3 Bd7 22. Qxg7 Qxc2 23. Qxf6 Qd2 24. Rd1 Qe2 25. Rfe1 Qxa2 26.
Re7 Rg8 27. Rg7 Rxg7 28. Qxg7 Qe6 29. Qh8+ Be8 30. Qa1 a6 31. Qb2 b5 32. Qd2
Kb7 33. Re1 Qd7 34. Qe3 Bf7 35. Qe7 Kc7 36. Qe6 Bxe6 0-1